[Event "Eisk Azovskie Zori op"]
[Site "Eisk"]
[Date "2011.06.12"]
[Round "7"]
[White "Tischenko, Sergey"]
[Black "Sakletin, Vasily"]
[Result "0-1"]
[WhiteElo "2111"]
[BlackElo "2061"]
[PlyCount "90"]
[EventDate "2011.06.05"]
[EventType "swiss"]
[EventRounds "9"]
[EventCountry "RUS"]
[SourceTitle "EXT 2012"]
[Source "ChessBase"]
[SourceDate "2011.11.24"]
[SourceVersion "1"]
[SourceVersionDate "2011.11.24"]
[SourceQuality "1"]

1. e4 g6 2. d4 Bg7 3. Nc3 d6 4. f4 c6 5. Nf3 b5 6. Be3 b4 7. Nb1 Nf6 8. Nbd2 0-0 9. h3 Nh5 10. Kf2 Nf6 11. c4 bxc3 12. bxc3 Qc7 13. Bd3 Nbd7 14. g4 e5 15. f5 d5 16. g5 Nxe4+ 17. Nxe4 dxe4 18. Bxe4 Re8 19. Qc2 Nb6 20. f6 Bf8 21. Nxe5 Nd5 22. Rae1 Bd6 23. Bxd5 cxd5 24. Bf4 Bf5 25. Qd2 Rab8 26. Kg3 Rb6 27. Nd3 Be4 28. Nc5 Reb8 29. Nxe4 dxe4 30. Rxe4 h5 31. Rhe1 Rb2 32. Bxd6 Qxd6+ 33. Qf4 Qd5 34. R1e2 Kh7 35. Re7 Rxe2 36. Rxe2 Rb1 37. Kh4 Rg1 38. Qe3 Qh1 39. Qe4 Rg4+ 40. Qxg4 hxg4 41. Kxg4 Qg1+ 42. Kh4 Qf1 43. Re4 Qf3 44. Rg4 Qf2+ 45. Rg3 Qxa2 0-1

[Event "Samara op"]
[Site "Samara"]
[Date "2010.07.25"]
[Round "3"]
[White "Komendatyan, Artyom"]
[Black "Sakletin, Vasily"]
[Result "0-1"]
[WhiteElo "2001"]
[BlackElo "2059"]
[PlyCount "80"]
[EventDate "2010.07.23"]
[EventType "swiss"]
[EventRounds "9"]
[EventCountry "RUS"]
[SourceTitle "EXT 2011"]
[Source "ChessBase"]
[SourceDate "2010.11.26"]
[SourceVersion "1"]
[SourceVersionDate "2010.11.26"]
[SourceQuality "1"]

1. e4 c5 2. Nc3 e6 3. g3 Nc6 4. Bg2 Nf6 5. f4 d5 6. d3 dxe4 7. dxe4 Qxd1+ 8. Nxd1 Bd7 9. e5 Nd5 10. Ne3 Nxe3 11. Bxe3 0-0-0 12. 0-0-0 Nb4 13. c3 Bc6 14. Rxd8+ Kxd8 15. Bxc6 Nxc6 16. Nf3 h6 17. Nd2 b6 18. Ne4 Kc7 19. Rd1 Be7 20. a3 h5 21. h4 g6 22. b4 cxb4 23. axb4 Ra8 24. Nd2 Rd8 25. Kc2 Rd5 26. Nc4 Bf8 27. Rxd5 exd5 28. Na3 a6 29. Kd3 Ne7 30. Nc2 Nf5 31. Bf2 a5 32. bxa5 bxa5 33. c4 Kc6 34. Be1 a4 35. Bb4 Bc5 36. Be1 a3 37. Bb4 Bxb4 38. cxd5+ Kb5 39. d6 a2 40. Na1 Kc6 0-1

[Event "Samara"]
[Site "Samara"]
[Date "2009.12.11"]
[Round "6"]
[White "Predke, Alexandr"]
[Black "Sakletin, Vasily"]
[Result "1-0"]
[WhiteElo "2335"]
[BlackElo "2086"]
[PlyCount "75"]
[EventDate "2009.12.06"]
[EventType "tourn"]
[EventRounds "9"]
[EventCountry "RUS"]
[EventCategory "1"]
[SourceTitle "CBM 134 Extra"]
[Source "ChessBase"]
[SourceDate "2010.03.03"]
[SourceVersion "1"]
[SourceVersionDate "2010.03.03"]
[SourceQuality "1"]

1. e4 c5 2. Nf3 d6 3. d4 cxd4 4. Nxd4 Nf6 5. Nc3 a6 6. h3 e6 7. g4 Qc7 8. Bg2 Nc6 9. 0-0 Be7 10. Nde2 h6 11. Be3 b5 12. f4 Bb7 13. Qe1 Rc8 14. Ng3 Qb8 15. Qf2 Nd7 16. f5 0-0 17. Nh5 Nf6 18. Nxg7 Kxg7 19. Qh4 Rh8 20. fxe6 Ne5 21. g5 Nxe4 22. Nxe4 hxg5 23. Qg3 f6 24. Nxg5 Ng6 25. Ne4 Rcf8 26. Bd4 Qd8 27. Nxf6 Bxf6 28. Rxf6 Rxf6 29. Rf1 Rhf8 30. Bxb7 Kh7 31. Bxf6 Rxf6 32. Rxf6 Qxf6 33. Qxd6 a5 34. Be4 Qg5+ 35. Kh2 Kh6 36. Bxg6 Qxg6 37. Qf4+ Kg7 38. Qf7+ 1-0

[Event "Samara"]
[Site "Samara"]
[Date "2009.12.09"]
[Round "4"]
[White "Alavkin, Arseny Nailievich"]
[Black "Sakletin, Vasily"]
[Result "1-0"]
[WhiteElo "2439"]
[BlackElo "2086"]
[PlyCount "84"]
[EventDate "2009.12.06"]
[EventType "tourn"]
[EventRounds "9"]
[EventCountry "RUS"]
[EventCategory "1"]
[SourceTitle "CBM 134 Extra"]
[Source "ChessBase"]
[SourceDate "2010.03.03"]
[SourceVersion "1"]
[SourceVersionDate "2010.03.03"]
[SourceQuality "1"]

1. e4 d6 2. d4 Nf6 3. Nc3 g6 4. Be3 Bg7 5. Qd2 Ng4 6. Bg5 h6 7. Bh4 Nd7 8. h3 Ngf6 9. f4 c5 10. d5 a6 11. a4 Qa5 12. Ra2 0-0 13. Nf3 Qc7 14. Be2 Re8 15. f5 g5 16. Bg3 Nh7 17. 0-0 Ndf8 18. Nd1 Bd7 19. a5 Rad8 20. Bc4 Bb5 21. Ne3 Nf6 22. Qd3 Bxc4 23. Nxc4 N6d7 24. h4 gxh4 25. Bxh4 Nh7 26. c3 Nhf6 27. Nh2 Kh8 28. g4 Rg8 29. b3 Rde8 30. Rg2 Nh7 31. Nf3 Bf6 32. Be1 Ng5 33. Bd2 Kg7 34. Kf2 Rh8 35. Rh1 Nxf3 36. Qxf3 Bg5 37. Bf4 f6 38. Rgh2 Reg8 39. Rh5 Qd8 40. Ke3 Ne5 41. Nxe5 dxe5 42. Bxg5 fxg5 1-0

[Event "Samara Rating SCC"]
[Site "Samara"]
[Date "2008.09.??"]
[Round "8"]
[White "Sakletin, Vasily"]
[Black "Mokshanov, Igor"]
[Result "1/2-1/2"]
[WhiteElo "2063"]
[BlackElo "1889"]
[PlyCount "39"]
[EventDate "2008.09.10"]
[EventType "tourn"]
[EventRounds "9"]
[EventCountry "RUS"]
[SourceTitle "EXT 2022"]
[Source "ChessBase"]
[SourceDate "2021.10.06"]
[SourceVersion "1"]
[SourceVersionDate "2021.10.06"]
[SourceQuality "1"]

1. d4 Nf6 2. Nf3 e6 3. g3 b6 4. Bg2 Bb7 5. 0-0 d5 6. c4 Be7 7. Nc3 0-0 8. cxd5 exd5 9. a3 Ne4 10. Ne5 f6 11. Nf3 Re8 12. Bh3 Bf8 13. Qc2 g6 14. Rd1 Ba6 15. e3 Nxc3 16. bxc3 Nc6 17. Bf1 Bxf1 18. Rxf1 Na5 19. Nd2 Qd7 20. Kg2 1/2-1/2

[Event "Samara Mayak Rating"]
[Site "Samara"]
[Date "2008.03.30"]
[Round "8"]
[White "Sakletin, Vasily"]
[Black "Pogorelskikh, Sergey"]
[Result "0-1"]
[WhiteElo "2112"]
[BlackElo "2283"]
[PlyCount "58"]
[EventDate "2008.03.23"]
[EventType "tourn"]
[EventRounds "9"]
[EventCountry "RUS"]
[SourceTitle "EXT 2022"]
[Source "ChessBase"]
[SourceDate "2021.10.06"]
[SourceVersion "1"]
[SourceVersionDate "2021.10.06"]
[SourceQuality "1"]

1. d4 Nf6 2. c4 g6 3. Nc3 Bg7 4. e4 d6 5. Be2 0-0 6. h4 c5 7. d5 e6 8. h5 exd5 9. exd5 gxh5 10. Bxh5 Re8+ 11. Kf1 Nbd7 12. Bf3 Ne5 13. Be2 Bf5 14. Bg5 Qd7 15. Qd2 Ne4 16. Nxe4 Bxe4 17. Nh3 Qf5 18. Qf4 Qg6 19. Kg1 h6 20. Bh5 Qxh5 21. Qxe4 hxg5 22. Nf4 Nf3+ 23. gxf3 Qxh1+ 24. Kxh1 Rxe4 25. fxe4 gxf4 26. Kg2 Be5 27. Kf3 Rb8 28. Rb1 b5 29. cxb5 Rxb5 0-1

[Event "Samara Mayak Rating"]
[Site "Samara"]
[Date "2008.03.24"]
[Round "2"]
[White "Sakletin, Vasily"]
[Black "Ostashevsky, Gennady"]
[Result "1-0"]
[WhiteElo "2112"]
[BlackElo "2183"]
[PlyCount "75"]
[EventDate "2008.03.23"]
[EventType "tourn"]
[EventRounds "9"]
[EventCountry "RUS"]
[SourceTitle "EXT 2022"]
[Source "ChessBase"]
[SourceDate "2021.10.06"]
[SourceVersion "1"]
[SourceVersionDate "2021.10.06"]
[SourceQuality "1"]

1. d4 Nf6 2. c4 g6 3. Nc3 Bg7 4. e4 d6 5. Be2 0-0 6. h4 h5 7. Nh3 e5 8. d5 c6 9. Ng5 cxd5 10. cxd5 a6 11. a4 Nbd7 12. Be3 b6 13. f3 Re8 14. Kf2 Re7 15. Rc1 Rb8 16. Na2 a5 17. b4 Ne8 18. Bb5 Bh6 19. Ke2 Bg7 20. Kf2 Nf8 21. Qe2 Bh6 22. Bd2 f6 23. Nf7 Rxf7 24. Bxh6 Nh7 25. Bd2 f5 26. bxa5 fxe4 27. Qxe4 Bf5 28. Qb4 bxa5 29. Qxa5 Qe7 30. Nb4 Qf8 31. Nc6 Rc8 32. Nd8 Rxc1 33. Rxc1 Re7 34. Ne6 Bxe6 35. dxe6 Nhf6 36. Kg3 Ng7 37. Qa6 Kh7 38. Rc8 1-0